000
00216 a2200097 4500
001
34629
100
_a
Basham, Scott
245
_a
PageMaker in easy steps
260
_a
ND
_b
Dreamtech press
_c
090
_c
22912
_d
22912
942
_a
NUST-CAE
_c
M
_c
14350
999
_c
269702
_d
269702